| 000 | 00372nam a22001457a 4500 | ||
|---|---|---|---|
| 082 |
_a502.80294 _bGAL _cL-31, P-69 |
||
| 100 |
_aGallenkamp-Towers _947093 |
||
| 245 | _aGallenkamp-Towers | ||
| 250 | _a14 Ed: | ||
| 260 |
_aLONDON. _bGARDEN CITY PRESS LTD. |
||
| 300 |
_a958P. _bill. |
||
| 526 |
_a0 _b0 _c0 _d502_802940000000000_GAL |
||
| 650 |
_aMCE _9379 |
||
| 942 |
_2ddc _cBK |
||
| 999 |
_c550393 _d550393 |
||